000 00403nam a2200133Ia 4500
008 230413s9999||||xx |||||||||||||| ||und||
020 _a9780143064268
082 _a658.11
_bB1443
100 _aBagchi, Subroto
245 4 _aThe High-Performance Entrepreneur: Golden Rules for Success in Today's World
260 _aNew Delhi
_bPenguin Books India Pvt. Ltd.
_c2008
300 _ax, 244 p.
942 _cBK
999 _c26203
_d26203